000 00294nam a2200121 i 4500
001 bg
245 0 0 _aJęzyk rosyjski dla lektoratów :
_bKierunki technicze.
_nCz. 1.
260 _aSzczecin,
_c1976.
040 _cBPK
041 _apol
942 _cKS
008 s pl f |000 0 pol
999 _c17252
_d17252
856 _uhttp://koha.tu.koszalin.pl/cgi-bin/koha/opac-detail.pl?biblionumber=17252
_yKatalog online BPK